000 00557nam a2200205Ia 4500
003 IN-BaIIA
008 211028s9999 xx 000 0 eng d
040 _cIIA Library
080 _a523.31-423.3
_bLEE
100 _aLeet, L. Don
_92900
245 0 _aEarth waves
_cL. Don Leet
260 _aCambridge
_bHarvard University Press
_c1950
300 _a122p.
490 _aHarvard monographs in applied science; no.2
650 _aAstronomy and astrophysics thesaurus
650 _aEarth - waves
_92901
650 _aTides
650 _aWaves
942 _cBK
999 _c1418
_d1418